Lunar and planetory science (Record no. 20399)
[ view plain ]
| 000 -LEADER | |
|---|---|
| fixed length control field | 00563nam a2200157Ia 4500 |
| 003 - CONTROL NUMBER IDENTIFIER | |
| control field | IN-BaIIA |
| 005 - DATE AND TIME OF LATEST TRANSACTION | |
| control field | 20230708162959.0 |
| 008 - FIXED-LENGTH DATA ELEMENTS--GENERAL INFORMATION | |
| fixed length control field | 211028s9999 xx 000 0 eng d |
| 040 ## - CATALOGING SOURCE | |
| Transcribing agency | IIA Library |
| 080 ## - UNIVERSAL DECIMAL CLASSIFICATION NUMBER | |
| Universal Decimal Classification number | 063:523.34 |
| Item number | LPI-1 |
| 111 ## - MAIN ENTRY--MEETING NAME | |
| Meeting name or jurisdiction name as entry element | Lunar and planetory science conference |
| Number of part/section/meeting | 12th |
| Location of meeting | Houston, Texas |
| Date of meeting or treaty signing | 1981 Mar. 16-20 |
| 9 (RLIN) | 37948 |
| 245 #0 - TITLE STATEMENT | |
| Title | Lunar and planetory science |
| Remainder of title | proceedings of the twelth lunar and planetory science conference, held in Houston, Texas, March 16-20, 1981 |
| 260 ## - PUBLICATION, DISTRIBUTION, ETC. | |
| Name of publisher, distributor, etc. | Pergamon Press |
| Date of publication, distribution, etc. | 1981 |
| 300 ## - PHYSICAL DESCRIPTION | |
| Extent | xii, 1018p. |
| 942 ## - ADDED ENTRY ELEMENTS (KOHA) | |
| Koha item type | Books |
| Source of classification or shelving scheme | Dewey Decimal Classification |
| Withdrawn status | Lost status | Source of classification or shelving scheme | Damaged status | Not for loan | Home library | Current library | Shelving location | Date acquired | Total Checkouts | Full call number | Barcode | Date last seen | Price effective from | Koha item type | Purchase Price |
|---|---|---|---|---|---|---|---|---|---|---|---|---|---|---|---|
| Dewey Decimal Classification | IIA Library-Bangalore | IIA Library-Bangalore | General Stacks | 063:523.34/ LPI-1 | 7862 | 05/11/2021 | Books |